000 00824nam a2200289 i 4500
003 DO-SdBNP
005 20230926142525.0
006 a||||er|||| 00| 0
007 ta
008 230926t2006 us ||||| |||| 00| 1 eng d
020 _a1410708640 (e)
020 _a1410708659 (se)
040 _aDO-SdBNP
_bspa
_cBNPHU
_erda
041 _heng
082 4 _222
_bP192t 2006
245 1 0 _aTricks. /
_cF. A. Paniagua
250 _a2a. edición
264 _aEstados Unidos de América :
_bauthorHause,
_c2006
300 _a106 páginas ;
_c23 cm.
336 _2rdacontent
_atexto
_btxt
337 _2rdamedia
_asin mediación
_bn
338 _2rdacarrier
_avolumen
_bnc
490 _aIst Books Library
500 _aIncluye datos biográficos del autor en la [109].
590 _aInventariado 2023 / MF
942 _2ddc
_cLBS1
999 _c54950
_d54950